[Event "LSS SB-2009-0-00074"]
[Site "LSS email"]
[Date "2009.12.23"]
[Round "?"]
[White "Hintze, Emanuel"]
[Black "Otero, Carlos Alberto"]
[Result "1-0"]
[WhiteElo "1987"]
[BlackElo "1939"]
[PlyCount "69"]
[EventDate "2009.11.28"]
[EventType "tourn (corr)"]
[EventRounds "6"]
[EventCountry "GER"]
[SourceTitle "Corr 2013"]
[Source "ChessBase"]
[SourceDate "2012.11.12"]
[SourceVersion "1"]
[SourceVersionDate "2012.11.12"]
[SourceQuality "1"]
[WhiteTeam "US of America"]
[BlackTeam "US of America"]
[WhiteTeamCountry "USA"]
[BlackTeamCountry "USA"]

1. e4 g6 2. d4 Bg7 3. Nc3 c6 4. Nf3 d6 5. Be2 Nf6 6. 0-0 0-0 7. a4 Nbd7 8. a5 Qc7 9. Be3 e5 10. dxe5 dxe5 11. h3 Rd8 12. Qb1 Nf8 13. Qa2 Be6 14. Qa3 h6 15. Bc5 b5 16. Rfd1 Ne8 17. Ne1 f6 18. Na2 Bf7 19. Nb4 Rxd1 20. Rxd1 Ne6 21. Be3 f5 22. Na6 Qc8 23. Nc5 Nf6 24. exf5 gxf5 25. Nxe6 Bxe6 26. Qd6 Nd5 27. Nd3 Qe8 28. Bh5 Qxh5 29. Qxe6+ Kh7 30. Re1 e4 31. Qxc6 Nxe3 32. Qxa8 Nxc2 33. Nf4 Qf7 34. Rc1 Nd4 35. Qb8 1-0

[Event "LSS SB-2009-0-00074"]
[Site "LSS email"]
[Date "2009.12.22"]
[Round "?"]
[White "Otero, Carlos Alberto"]
[Black "Perez, Giorgio"]
[Result "0-1"]
[WhiteElo "1948"]
[BlackElo "1913"]
[PlyCount "58"]
[EventDate "2009.11.28"]
[EventType "tourn (corr)"]
[EventRounds "6"]
[EventCountry "GER"]
[SourceTitle "Corr 2013"]
[Source "ChessBase"]
[SourceDate "2012.11.12"]
[SourceVersion "1"]
[SourceVersionDate "2012.11.12"]
[SourceQuality "1"]
[WhiteTeam "US of America"]
[BlackTeam "US of America"]
[WhiteTeamCountry "USA"]
[BlackTeamCountry "USA"]

1. d4 Nf6 2. c4 g6 3. Nc3 Bg7 4. e4 d6 5. Nf3 0-0 6. Be2 e5 7. 0-0 Nc6 8. d5 Ne7 9. b4 Nh5 10. Re1 a5 11. Ba3 Nf4 12. Bf1 Bg4 13. Re3 f5 14. h3 Bh5 15. Qb3 fxe4 16. Nxe4 Nf5 17. Ree1 Bxf3 18. Qxf3 Nd4 19. Qc3 Qh4 20. Re3 Nxh3+ 21. gxh3 Bh6 22. Rae1 Bxe3 23. Rxe3 axb4 24. Bxb4 Rxa2 25. Qd3 Rf4 26. Be1 Nc2 27. Ng3 Nxe1 28. Rxe1 Raxf2 29. Bg2 R4f3 0-1

[Event "LSS CP-2009-P-00030"]
[Site "LSS email"]
[Date "2009.09.27"]
[Round "?"]
[White "Konstantinov, Maxim"]
[Black "Otero, Carlos Alberto"]
[Result "1-0"]
[WhiteElo "1952"]
[BlackElo "1961"]
[PlyCount "95"]
[EventDate "2009.10.01"]
[EventType "tourn (corr)"]
[EventRounds "6"]
[EventCountry "GER"]
[SourceTitle "Telechess CBM 137"]
[Source "ChessBase"]
[SourceDate "2010.07.15"]
[SourceVersion "1"]
[SourceVersionDate "2010.07.15"]
[SourceQuality "1"]

1. e4 e6 2. d4 d5 3. Nc3 Bb4 4. e5 c5 5. a3 Bxc3+ 6. bxc3 Qc7 7. Qg4 f5 8. Qg3 cxd4 9. cxd4 Ne7 10. Bd2 0-0 11. Bd3 b6 12. Ne2 Rf7 13. h4 Ba6 14. 0-0 Bxd3 15. Qxd3 Nbc6 16. Rfc1 Raf8 17. Nf4 Qd7 18. h5 g5 19. hxg6 hxg6 20. Bb4 Rh7 21. Qg3 Kf7 22. Qg5 Rfh8 23. f3 Ke8 24. Kf2 Rh6 25. Bd6 Na5 26. Qf6 g5 27. Qxg5 Nc4 28. Bb4 a5 29. Qxe7+ Qxe7 30. Bxe7 Kxe7 31. g4 fxg4 32. fxg4 Kf7 33. g5 Rh2+ 34. Kg3 Nd2 35. Re1 a4 36. g6+ Kg7 37. Rg1 Ne4+ 38. Kf3 R8h4 39. Ke3 Kg8 40. Raf1 Nd2 41. Kd3 Ne4 42. c4 Nf2+ 43. Ke3 dxc4 44. g7 Ng4+ 45. Kf3 Nh6 46. d5 Ra2 47. dxe6 Rxa3+ 48. Ke4 1-0

[Event "LSS CP-2009-P-00030"]
[Site "LSS email"]
[Date "2009.09.27"]
[Round "?"]
[White "Otero, Carlos Alberto"]
[Black "Muller, Henri Louis"]
[Result "1/2-1/2"]
[WhiteElo "1966"]
[BlackElo "2115"]
[PlyCount "109"]
[EventDate "2009.10.01"]
[EventType "tourn (corr)"]
[EventRounds "6"]
[EventCountry "GER"]
[SourceTitle "Corr 2013"]
[Source "ChessBase"]
[SourceDate "2012.11.12"]
[SourceVersion "1"]
[SourceVersionDate "2012.11.12"]
[SourceQuality "1"]
[WhiteTeam "US of America"]
[BlackTeam "US of America"]
[WhiteTeamCountry "USA"]
[BlackTeamCountry "USA"]

1. d4 Nf6 2. Nf3 d5 3. e3 c5 4. b3 Nc6 5. Bb2 e6 6. Nbd2 cxd4 7. exd4 Bd6 8. a3 0-0 9. Bd3 Qc7 10. Qe2 Re8 11. Ne5 h6 12. f4 a6 13. 0-0 b5 14. c3 Bb7 15. Qf3 Na5 16. Qe3 Ne4 17. Bxe4 dxe4 18. c4 f6 19. c5 Be7 20. Ng6 Bd8 21. b4 Nc4 22. Nxc4 bxc4 23. g3 Bd5 24. f5 exf5 25. Nf4 Bf7 26. d5 Qd7 27. d6 Rb8 28. Ne2 g5 29. Nd4 Re5 30. Bc3 a5 31. Ra2 Bg6 32. Rb2 Rd5 33. Qe2 Bf7 34. Rd2 Ra8 35. Qe3 Bg6 36. Rg2 Rb8 37. Rgf2 Kh7 38. Rd2 Kg8 39. Qe2 Bf7 40. g4 f4 41. Qxe4 Qxg4+ 42. Rg2 Qh3 43. Rf3 Qh5 44. Rxf4 Re5 45. Qf3 Qxf3 46. Rxf3 Bd5 47. Rh3 Bxg2 48. Kxg2 axb4 49. axb4 Ra8 50. Nc6 Rd5 51. Nxd8 Rxd8 52. Rxh6 Kf7 53. Rxf6+ Ke8 54. Rf2 Kd7 55. Rf7+ 1/2-1/2

[Event "LSS No Engine Cup Gr06 prel 01 email"]
[Site "LSS email"]
[Date "2009.09.07"]
[Round "?"]
[White "Vio, Mauro"]
[Black "Otero, Carlos Alberto"]
[Result "0-1"]
[WhiteElo "1700"]
[BlackElo "2001"]
[PlyCount "54"]
[EventDate "2009.09.08"]
[EventType "tourn (corr)"]
[EventRounds "6"]
[EventCountry "GER"]
[SourceTitle "Telechess CBM 137"]
[Source "ChessBase"]
[SourceDate "2010.07.15"]
[SourceVersion "1"]
[SourceVersionDate "2010.07.15"]
[SourceQuality "1"]

1. e4 e6 2. Nf3 d5 3. exd5 exd5 4. d4 Bd6 5. Bd3 Ne7 6. 0-0 0-0 7. Nc3 c6 8. Re1 Bf5 9. Bxf5 Nxf5 10. Qd3 Qd7 11. Ne5 Qc8 12. g4 Ne7 13. Qh3 Nd7 14. Nxd7 Qxd7 15. Ne2 Rae8 16. Bd2 f5 17. g5 Ng6 18. Ng3 Nf4 19. Bxf4 Bxf4 20. Qh5 g6 21. Qh4 Bd6 22. h3 Qc7 23. c3 Qd8 24. Rxe8 Rxe8 25. b4 f4 26. Nf1 h5 27. Rd1 Qe7 0-1

[Event "CFriend SH-2005-0-00039 email"]
[Site "Chessfriend.com"]
[Date "2005.08.10"]
[Round "1"]
[White "Bernal Varela, Nelson"]
[Black "Otero, Carlos Alberto"]
[Result "1-0"]
[WhiteElo "2172"]
[BlackElo "2034"]
[PlyCount "67"]
[EventDate "2005.08.10"]
[EventType "tourn (corr)"]
[EventRounds "6"]
[SourceTitle "Corr 2008"]
[Source "ChessBase"]
[SourceDate "2008.06.24"]
[SourceVersion "1"]
[SourceVersionDate "2008.06.24"]
[SourceQuality "1"]

1. e4 e6 2. d4 d5 3. Nd2 c5 4. Ngf3 cxd4 5. exd5 Qxd5 6. Bc4 Qd6 7. 0-0 Nf6 8. Nb3 Nc6 9. Nbxd4 Nxd4 10. Nxd4 a6 11. Bb3 Qc7 12. Qf3 Bd6 13. h3 0-0 14. Bg5 Bh2+ 15. Kh1 Be5 16. Rad1 h6 17. Bh4 Bd7 18. Rfe1 Nh7 19. c3 g5 20. Rxe5 Qxe5 21. Bg3 Qf6 22. Qxb7 Rfd8 23. Bc7 Rdc8 24. Bd6 Bb5 25. Kg1 Nf8 26. a4 Be8 27. Re1 Qg7 28. a5 h5 29. Bxf8 Qxf8 30. Nxe6 fxe6 31. Rxe6 Kh8 32. Qd5 Bf7 33. Qe5+ Kh7 34. Re7 1-0

[Event "CFriend SH-2005-0-00039 email"]
[Site "Chessfriend.com"]
[Date "2005.08.10"]
[Round "1"]
[White "Markus, Roland"]
[Black "Otero, Carlos Alberto"]
[Result "1-0"]
[WhiteElo "2192"]
[BlackElo "2034"]
[PlyCount "97"]
[EventDate "2005.08.10"]
[EventType "tourn (corr)"]
[EventRounds "6"]
[SourceTitle "Corr 2008"]
[Source "ChessBase"]
[SourceDate "2008.06.24"]
[SourceVersion "1"]
[SourceVersionDate "2008.06.24"]
[SourceQuality "1"]

1. e4 e6 2. d4 d5 3. e5 c5 4. c3 Nc6 5. Nf3 Bd7 6. Be2 Nge7 7. Na3 cxd4 8. cxd4 Nf5 9. Nc2 Qb6 10. g4 Nfe7 11. 0-0 h5 12. g5 Nf5 13. a3 a5 14. Bf4 a4 15. Rc1 Na5 16. Qd3 Nc4 17. Rb1 Bb5 18. Rfe1 Ncd6 19. Qd1 Bxe2 20. Rxe2 Ne4 21. Ne3 Nxe3 22. Bxe3 Be7 23. Rc1 Qb5 24. Rec2 Bd8 25. h4 f6 26. exf6 gxf6 27. gxf6 Bxf6 28. Ng5 Bd8 29. Qf3 Qd7 30. Nxe4 dxe4 31. Qxe4 Rg8+ 32. Kf1 Qf7 33. Bg5 Bxg5 34. hxg5 Rd8 35. Rc7 Qf5 36. Qxf5 exf5 37. Rh7 Rxd4 38. Rc8+ Rd8 39. Rcc7 Rd1+ 40. Ke2 Rd5 41. Rxb7 h4 42. g6 Re5+ 43. Kf3 Rd5 44. Kf4 Rd2 45. Kg5 h3 46. Rbe7+ Kd8 47. Ra7 Ke8 48. Rhe7+ Kd8 49. Rf7 1-0

[Event "CFriend SI-2004-0-00030 email"]
[Site "Chessfriend.com"]
[Date "2005.02.12"]
[Round "1"]
[White "Sherwood, Russell"]
[Black "Otero, Carlos Alberto"]
[Result "0-1"]
[WhiteElo "1748"]
[BlackElo "2034"]
[PlyCount "100"]
[EventDate "2005.02.12"]
[EventType "tourn (corr)"]
[EventRounds "6"]
[SourceTitle "Corr 2008"]
[Source "ChessBase"]
[SourceDate "2008.06.24"]
[SourceVersion "1"]
[SourceVersionDate "2008.06.24"]
[SourceQuality "1"]

1. e4 e6 2. d4 d5 3. exd5 exd5 4. Bd3 Bd6 5. Nc3 Ne7 6. Nf3 Nbc6 7. 0-0 a6 8. Ng5 f6 9. Nf3 Bg4 10. h3 Bh5 11. Be3 Qd7 12. a3 Bg6 13. Bxg6+ hxg6 14. Re1 g5 15. Nd2 Qf5 16. Rc1 Qg6 17. Nb3 Rh7 18. Qe2 0-0-0 19. f3 f5 20. Bf2 Rdh8 21. Kf1 Qf7 22. Nc5 Bxc5 23. dxc5 d4 24. Nb1 Nd5 25. Nd2 Rh6 26. Kg1 Nf4 27. Qc4 Qh5 28. Qf1 g4 29. fxg4 Qxg4 30. Re8+ Rxe8 31. hxg4 Ne2+ 32. Qxe2 Rxe2 33. g5 Rhe6 34. Rd1 g6 35. b4 b6 36. cxb6 cxb6 37. Nc4 Rxc2 38. Nxb6+ Kb7 39. Nd7 Ree2 40. Bxd4 Rxg2+ 41. Kf1 Nxd4 42. Rxd4 Rcf2+ 43. Ke1 Ra2 44. Kf1 Rgf2+ 45. Kg1 f4 46. Nc5+ Kc6 47. Nd3 Rg2+ 48. Kf1 f3 49. Ne5+ Kb5 50. Rd5+ Ka4 0-1

[Event "CFriend AT-2005-0-00013 email"]
[Site "Chessfriend.com"]
[Date "2005.01.08"]
[Round "1"]
[White "Otero, Carlos Alberto"]
[Black "Miszta, Feliks"]
[Result "1-0"]
[WhiteElo "2034"]
[BlackElo "1615"]
[PlyCount "45"]
[EventDate "2005.??.??"]
[EventType "tourn (corr)"]
[EventRounds "2"]
[SourceTitle "Corr 2024"]
[Source "ChessBase"]
[SourceDate "2023.10.19"]
[SourceVersion "1"]
[SourceVersionDate "2023.10.19"]
[SourceQuality "1"]

1. d4 Nf6 2. Nf3 d5 3. Bf4 c6 4. c3 Nbd7 5. e3 Qb6 6. Qb3 Ne4 7. Nbd2 Nxd2 8. Nxd2 Qxb3 9. axb3 f6 10. Nf3 e5 11. dxe5 g5 12. Bg3 g4 13. e6 Nc5 14. Nd4 Nxe6 15. Nxe6 Bxe6 16. b4 h5 17. Bh4 Kf7 18. Bd3 Bd6 19. b5 c5 20. Ke2 c4 21. Bc2 a6 22. bxa6 Rxa6 23. Rxa6 1-0

[Event "CFriend AP-2004-Q-00015 email"]
[Site "Chessfriend.com"]
[Date "2004.07.10"]
[Round "1"]
[White "Melendez, Isabelo"]
[Black "Otero, Carlos Alberto"]
[Result "0-1"]
[WhiteElo "2032"]
[BlackElo "2034"]
[PlyCount "112"]
[EventDate "2004.??.??"]
[EventType "tourn (corr)"]
[EventRounds "12"]
[SourceTitle "Corr 2024"]
[Source "ChessBase"]
[SourceDate "2023.10.19"]
[SourceVersion "1"]
[SourceVersionDate "2023.10.19"]
[SourceQuality "1"]

1. e4 g6 2. d4 Bg7 3. Nf3 d6 4. Nc3 e6 5. Bd3 Ne7 6. 0-0 0-0 7. Be3 h6 8. Nd2 Nbc6 9. d5 exd5 10. exd5 Ne5 11. Nf3 Bg4 12. Be2 Bxf3 13. Bxf3 Nf5 14. Be2 Nxe3 15. fxe3 Qe7 16. Qd2 a6 17. Rae1 Rae8 18. Rf4 Nd7 19. Bd3 Be5 20. Rf3 Qh4 21. Rh3 Qb4 22. Rb1 Bxc3 23. Qxc3 Qxc3 24. bxc3 Nc5 25. Kf2 Kg7 26. Rh4 Re5 27. Rd4 Rfe8 28. Re1 f5 29. g3 R8e7 30. a4 Nd7 31. Rb4 Rxd5 32. Rxb7 Nc5 33. Ra7 a5 34. Kf3 Nxa4 35. Ra1 Nxc3 36. R1xa5 Rxa5 37. Rxa5 Kf6 38. h3 h5 39. h4 c5 40. Ra6 Ke5 41. Ra5 Rb7 42. Ra3 Nb1 43. Ra5 Rb4 44. Kf2 Nd2 45. Ke2 Ne4 46. Kf3 d5 47. Bxe4 fxe4+ 48. Ke2 Rc4 49. Kd2 Kf5 50. c3 Kg4 51. Ra6 Kxg3 52. Rxg6+ Kxh4 53. Rg8 Ra4 54. Ke2 Ra2+ 55. Kd1 c4 56. Rg7 Kh3 0-1

[Event "IECG QA.2003.0.00044 email"]
[Site "IECG email"]
[Date "2003.11.22"]
[Round "?"]
[White "Ottaviani, Mauro"]
[Black "Otero, Carlos Alberto"]
[Result "1-0"]
[WhiteElo "1942"]
[BlackElo "2100"]
[PlyCount "85"]
[EventDate "2003.11.22"]
[EventType "tourn (corr)"]
[EventRounds "6"]
[SourceTitle "Corr 2008"]
[Source "ChessBase"]
[SourceDate "2008.06.24"]
[SourceVersion "1"]
[SourceVersionDate "2008.06.24"]
[SourceQuality "1"]

1. e4 e6 2. d4 d5 3. Nc3 Bb4 4. e5 c5 5. a3 Bxc3+ 6. bxc3 Qc7 7. Nf3 Ne7 8. a4 Nf5 9. Bd3 cxd4 10. Bxf5 exf5 11. cxd4 Qc4 12. Qd3 Qxd3 13. cxd3 Nc6 14. Ba3 Be6 15. Rb1 b6 16. Kd2 Rf8 17. Bxf8 Kxf8 18. Rhc1 Bd7 19. Ke3 Ke7 20. Rb5 Rc8 21. Rxd5 Nb4 22. Rxd7+ Kxd7 23. Rxc8 Kxc8 24. Ng5 Nc2+ 25. Kd2 Nxd4 26. Nxf7 Kd7 27. Nd6 Ke6 28. f4 Kd5 29. Nc4 g6 30. Ne3+ Kc5 31. Nc2 Ne6 32. g3 Nc7 33. Kc3 Nd5+ 34. Kb3 Nc7 35. d4+ Kd5 36. Kc3 Ke4 37. Kc4 a6 38. Nb4 g5 39. fxg5 b5+ 40. axb5 axb5+ 41. Kc5 Ne6+ 42. Kd6 Nxd4 43. Nc2 1-0